📖150 premiers mots "L'île au trésor" R.L. Stevenson - Statistiques

Statistiques générales
  • Ce quiz a Ă©tĂ© pris 55 fois
  • Le rĂ©sultat moyen est 89 sur 150
Statistiques - réponses
Mots % Correct
c'
100%
M. Trelawney,
100%
s'
100%
Ă 
97%
Amiral-Benbow,
97%
d'
97%
est
97%
l'
97%
Livesey,
97%
m'
97%
et
94%
il
94%
le
94%
au
91%
de
91%
me
91%
ce
88%
je
88%
Je
88%
la
88%
n'
88%
un
88%
un ...
88%
en
82%
les
82%
qu'
79%
Ile
76%
île,
76%
mon
76%
une
76%
pour
73%
que
73%
oĂą
70%
sur
70%
du
67%
était
67%
Trésor,
67%
trésor,
67%
son
64%
pas
61%
si
61%
an
58%
homme
58%
jour
58%
sous
58%
père
55%
17...,
52%
ces
52%
fin,
52%
marin
52%
sans
52%
comme
48%
lui
48%
vieux
48%
y
48%
grand,
45%
grâce
42%
sais
42%
tous
42%
peau
39%
demandé
36%
docteur
33%
souviens
33%
vers
33%
auberge
30%
auberge,
30%
dont
30%
fois
27%
hier
27%
première
27%
fort,
24%
porte
24%
rien
24%
parce
21%
tenait
21%
vois
21%
commencement
18%
écrire
18%
exacte
18%
position
18%
trouve
18%
cheveux
15%
époque
15%
messieurs
15%
prends
15%
omettre,
12%
avancer
9%
cela
9%
coup
9%
derrière
9%
encore
9%
plume
9%
prit
9%
ayant
6%
basanée
6%
bruns
6%
coffre
6%
lourds
6%
notre
6%
balafrée
3%
brouette :
3%
puissant,
3%
sabre
3%
toit.
3%
logement
0%
retombent
0%
retourne
0%
Aucun quiz correspondant
Distribution des résultats
% des personnes avec chaque résultat
Percentile par nombre de réponses
Votre historique - résultats
Vous n’avez pas pris ce quiz